LEADER 01134naa a2200229 u 4500 001 000000094069 003 CaOOAMICUS 005 20070226130136.0 008 010727m19901993fr u000 u eng u 035 $a10898793 040 $aPUL(R)$bita 100 1 $aCarpenter, Russel H.,$d1941-$0(OLS)http://pul/name/60494 245 10$aSoviet joint enterprises with capitalist firms and other joint ventures between east and west :$bthe western point of view /$cby Russel H. Carpenter. 260 $a[S. l. :$bs. n.],$c1990-1993. 300 $aP. [365-421] 504 $aBibliografia in nota. 650 4$aDiritto internazionale privato$zRussia.$0(OLS)http://pul/subject/30086 650 4$aDiritto commerciale internazionale.$0(OLS)http://pul/subject/25158 773 0 $tRecueil des cours$gv.III (1990) 773 0 $tRecueil des cours 1990 : collected courses of The Hague Academy of International Law$w()60547 996 $6245$aSoviet joint enterprises with capitalist firms and other joint ventures between east and west :$bthe western point of view$9(OLS)http://pul/title/120925 996 $6260$a[S. l. :$bs. n.]$9(OLS)http://pul/publisher/47882 LEADER 01860nam a2200373 u 4500 001 000000074558 003 CaOOAMICUS 005 20070226122456.0 008 021210s1998 fr u000 u fre u 020 $a2204060240 035 $a10948085 040 $aPUL$bita 041 1 $afre$agrc 100 0 $aIgnatius,$cs., vesc. di Antiochia,$dc. 35-c. 108.$0(OLS)http://pul/name/7373 240 10$aEpistulae$9(Ignatius, s., vesc. di Antiochia, c. 35-c. 108).$lFrancese e greco.$0(OLS)http://pul/title/23717 245 10$aLettres :$bMartyre de Policarpe /$cIgnace d'Antioche, Polycarpe de Smyrne ; texte grec, introduction, traduction et notes de P. Th. Camelot, O.P. 250 $a10 bis éd., reimpression de la 4éme édition rev. et corr. 260 $aParis :$bLes Éditions du Cerf,$c1998. 300 $a250 p. ;$c21 cm 490 1 $aSources chrétiennes ;$v10 bis 500 $aTesto greco e trad. francese a fronte. 600 04$aPolycarpus,$cs., vesc. di Smirne,$dm. 155.$0(OLS)http://pul/subject/5850 700 1 $aCamelot, Pierre Thomas,$cO.P.,$d1901-$0(OLS)http://pul/name/1430 700 0 $aPolycarpus,$cs., vesc. di Smirne,$dm. 155.$0(OLS)http://pul/name/13107 730 0 $aMartyrium Polycarpi.$lFrancese e greco.$0(OLS)http://pul/title/23718 830 0$aSources chrétiennes ;$v10 bis.$0(OLS)http://pul/title/45 850 $aPUL 852 $aPUL$W1$xSL Religione 2$y84$mTheol E3 10bis$j96155$nBK-PRI$b $qStampati altre collocazioni$B96155$CPULBib$Z2$F96155 $H $81 900 $aIgnazio,$cs., vesc. di Antiochia,$dc. 35-c. 108$97373 941 1 $a10 961 $aINV: 88916 996 $6020$a2204060240$9(OLS)http://pul/number/96790 996 $6245$aLettres :$bMartyre de Policarpe$9(OLS)http://pul/title/23722 996 $6260$aParis :$bLes Éditions du Cerf$9(OLS)http://pul/publisher/47861